Grands Départs Tour de France - Statistiques

Statistiques générales
  • Ce quiz a été pris 25 fois
    4 depuis la dernière actualisation
  • Le résultat moyen est 69 sur 114
Statistiques - réponses
Année Réponse % Correct
1905 | 1906 | 1907 | +33 others Paris
100%
2026 Barcelone
75%
2023 Bilbao
75%
1952 | 1974 | 2008 | 2021 Brest
75%
1960 | 1994 | 2025 Lille
75%
2007 Londres
75%
1991 Lyon
75%
1951 Metz
75%
2009 Monaco
75%
1959 | 1971 Mulhouse
75%
1962 | 1966 Nancy
75%
1957 Nantes
75%
1981 | 2020 Nice
75%
1964 Rennes
75%
1953 | 2006 Strasbourg
75%
1954 Amsterdam
50%
1967 | 1972 Angers
50%
1958 | 2019 Bruxelles
50%
2022 Copenhague
50%
1998 Dublin
50%
2001 Dunkerque
50%
1926 Evian-les-Bains
50%
1955 Le Havre
50%
2016 Le Mont-Saint-Michel
50%
1970 Limoges
50%
1989 | 2002 Luxembourg
50%
1903 | 1904 Montgeron
50%
2018 Noirmoutier-en-l'Île
50%
2013 Porto-Vecchio
50%
1956 Reims
50%
1969 Roubaix
50%
1961 | 1997 Rouen
50%
1982 Bâle
25%
1987 Berlin-Ouest
25%
1965 Cologne
25%
2017 Düsseldorf
25%
2027 Édimbourg
25%
2024 Florence
25%
1990 | 2000 Futuroscope
25%
2014 Leeds
25%
2004 | 2012 Liège
25%
2011 Passage du Gois
25%
1993 | 1999 Puy du Fou
25%
2010 Rotterdam
25%
1995 Saint-Brieuc
25%
2015 Utrecht
25%
1996 Bois-le-Duc
0%
1986 Boulogne-Billancourt
0%
1975 Charleroi
0%
1977 | 1979 Fleurance
0%
1983 Fontenay-sous-Bois
0%
1980 Francfort-sur-le-Main
0%
2005 Fromentine
0%
1978 Leyde
0%
1976 Merlin-Plage
0%
1984 Montreuil
0%
1985 Plumelec
0%
1988 Pontchâteau
0%
1992 Saint-Sébastien
0%
1973 Schéveningue
0%
1968 Vittel
0%
Aucun quiz correspondant
Distribution des résultats
% des personnes avec chaque résultat
Percentile par nombre de réponses
Votre historique - résultats
Vous n’avez pas pris ce quiz depuis la dernière actualisation